Výstava obrazov akad. maliara Gustáva Mallého

Bibliographic Details
Format: Article
Language:Slovak
Subjects:

MARC

LEADER 00000nab a22000001a 4500
001 vtls009304766
003 SK-MaSNL
005 20260303054226.0
008 080618d19320326xo |r|p|||| |000 b|slo
015 |a SNBRRBVU1918-1938 
015 |a SNBRB1918-1938 
038 |a SNKBUCL 
038 |a SNKBUVU 
040 |a SNKBUVU  |b slo  |c SNKBUCL  |e AACR2 
041 0 |a slo 
044 |a xo  |c SK 
080 |a 75.071.1:061.4  |2 1997 
080 |a 061.4  |2 1997 
245 0 0 |a Výstava obrazov akad. maliara Gustáva Mallého  |c [autor] J. Ml. 
600 1 7 |a Mallý, Gustáv,  |d 1879-1952  |2 snkbucl  |9 193716 
648 7 |a 1932  |2 MM  |9 309437 
651 7 |a Trnava (Slovensko)  |2 MM  |9 19407 
773 0 |t Nové Slovensko  |g Roč. 9, č. 13 (26.3.1932), s. 5 
852 |a SNK  |b KIS3GCP 
910 |a snkrbvumm 
958 |a VY 
999 |c 1722422  |d 1724352